| 000 | 00400cam a2200157ua 4500 | ||
|---|---|---|---|
| 003 | OSt | ||
| 008 | 241227b |||||||| |||| 00| 0 eng d | ||
| 020 | _a81-203-1148-5 | ||
| 041 | _aeng | ||
| 082 |
_a574.5 _bKOR/CO |
||
| 100 |
_aKormandy, Edward J . _96632 |
||
| 245 | _aConcepts of ecology / | ||
| 260 |
_aNew Delhi : _bPrentice Hall of India Pvt Ltd. , _c2001. |
||
| 300 | _a559 ; . | ||
| 942 | _cBK | ||
| 999 |
_c7161 _d7161 |
||